• 首页
  • 本馆介绍
  • 公告通知
  • 最新文献
  • 馆藏检索
  • 电子资源
  • 读者导购
  • 参考咨询
  • 我的图书馆
  • 登录
  • 详细信息显示
  • 放入我的书架
  • 预约/预借图书
  • 作者相关作品
  • 分类相关作品
  • 丛书相关作品
  • 出版社相关作品

书目信息

  • 表格格式
  • 工作单格式
  • 卡片格式
题名:
小型酒店企业会计 审计 税务一本通
    
 
作者: 李莹 主编
分册:  
出版信息: 北京   科学出版社  2012
页数: 11,280页
开本: 26cm
丛书名:
单 册:
中图分类: F719.2 , F239.64 , F810.423
科图分类:
主题词: 饭店--财务会计--基本知识 , 饭店--审计--基本知识 , 饭店--税收管理--基本知识 , 饭店 , 财务会计 , 审计 , 税收管理
电子资源:
ISBN: 978-7-03-033138-0
000 00984nam0 22003251 450
001 524
005 20140909100141.82
010    @a978-7-03-033138-0@dCNY38.00
100    @a20121106d2012 em y0chiy50 ea
101 0  @achi
102    @aCN@b110000
105    @ay z 000yy
106    @ar
200 1  @a小型酒店企业会计 审计 税务一本通@AXiao Xing Jiu Dian Qi Ye Hui Ji Shen Ji Shui Wu Yi Ben Tong@f李莹主编
210    @a北京@c科学出版社@d2012
215    @a11,280页@d26cm
330    @a本书在普适性的基础上融入了小型酒店企业的特点,内容包括会计核算、税务知识以及查账,注重实用性和操作性。
606 0  @a饭店@x财务会计@x基本知识
606 0  @a饭店@x审计@x基本知识
606 0  @a饭店@x税收管理@x基本知识
606 0  @a饭店
606 0  @a财务会计
606 0  @a审计
606 0  @a税收管理
690    @aF719.2@v5
690    @aF239.64@v5
690    @aF810.423@v5
701  0 @a李莹@ALi Ying@4主编
801  0 @aCN@bTANGWEI@c20140603
905    @b0836478-80@dF719.2@e718@f3
    
    小型酒店企业会计 审计 税务一本通/李莹主编.-北京:科学出版社,2012
    11,280页;26cm
    
    
    ISBN 978-7-03-033138-0:CNY38.00
    本书在普适性的基础上融入了小型酒店企业的特点,内容包括会计核算、税务知识以及查账,注重实用性和操作性。
●
相关链接 在E读中查询图书 在五车中查询图书 在当当中查询图书 在豆瓣中查询图书


正题名:小型酒店企业会计 审计 税务一本通     索取号:F719.2/718         预约/预借

序号 登录号 条形码 馆藏地/架位号 状态 备注
1 0836478   208364786   第一样本阅览室/ [索取号:F719.2/718] 在馆    
2 0836479   208364795   第一借阅区/ [索取号:F719.2/718] 在馆    
3 0836480   208364802   密集书库-海洋学院/ [索取号:F719.2/718] 在馆    
唐山师范学院图书馆 欢迎您!
大连网信软件有限公司© 版权所有